|
|
|
|
| LEADER |
00000nam0a2200000 4500 |
| 001 |
118899 |
| 005 |
20231101215512.0 |
| 010 |
|
|
|a 5930021147
|
| 035 |
|
|
|a (RuTPU)RU\TPU\book\128667
|
| 090 |
|
|
|a 118899
|
| 100 |
|
|
|a 20070619d2005 m y0rusy50 ca
|
| 101 |
0 |
|
|a rus
|
| 102 |
|
|
|a RU
|
| 105 |
|
|
|a a j 001zy
|
| 200 |
1 |
|
|a Информатика
|e учебно-методическое пособие
|f Т. Н. Ковырялова
|g Международный университет бизнеса и новых технологий (институт)
|
| 210 |
|
|
|a Ярославль
|c МУБиНТ
|d 2005
|
| 215 |
|
|
|a 192 с.
|c ил.
|
| 225 |
1 |
|
|a Математика и информатика
|
| 320 |
|
|
|a Библиогр.: с. 166.
|
| 330 |
|
|
|a Учебно-методическое пособие содержит теоретический материал по курсу «Информатика», руководство по изучению дисциплины, задания для контрольной работы, темы рефератов, тестовые задания для самоконтроля, список рекомендуемой литературы и электронных ресурсов. Пособие предназначено для студентов всех специальностей и всех форм обучения. Материал пособия положен в основу электронного учебника по информатике.
|
| 610 |
1 |
|
|a информатика
|
| 610 |
1 |
|
|a информатизация
|
| 610 |
1 |
|
|a числовая информация
|
| 610 |
1 |
|
|a персональные компьютеры
|
| 610 |
1 |
|
|a функциональная организация
|
| 610 |
1 |
|
|a структурная организация
|
| 610 |
1 |
|
|a запоминающие устройства
|
| 610 |
1 |
|
|a внешние устройства
|
| 610 |
1 |
|
|a программное управление
|
| 610 |
1 |
|
|a программное обеспечение
|
| 610 |
1 |
|
|a прикладные программы
|
| 610 |
1 |
|
|a Microsoft Word
|
| 610 |
1 |
|
|a Excel
|
| 610 |
1 |
|
|a вычислительные сети
|
| 610 |
1 |
|
|a языки программирования
|
| 610 |
1 |
|
|a Turbo Pascal
|
| 610 |
1 |
|
|a учебно-методические пособия
|
| 675 |
|
|
|a 681.3.01(075.8)
|v 3
|
| 700 |
|
1 |
|a Ковырялова
|b Т. Н.
|g Татьяна Николаевна
|
| 712 |
0 |
2 |
|a Международный университет бизнеса и новых технологий (институт)
|2 stltpush
|3 (RuTPU)RU\TPU\col\11657
|9 25226
|
| 801 |
|
1 |
|a RU
|b 63413507
|c 20070619
|g PSBO
|
| 801 |
|
2 |
|a RU
|b 63413507
|c 20141204
|g PSBO
|
| 942 |
|
|
|c BK
|
| 959 |
|
|
|a 47/20070604
|d 1
|e 255,00
|f ЧЗТЛ:1
|